000 00655nam a2200253Ia 4500
003 OSt
005 20220924153342.0
006 a|||||r|||| 00| 0
007 ta
008 220923b |||||||| |||| 00| 0 kan d
024 _a349403
037 _cTextual
040 _aARTS
_cARTS
_bkan
041 _2kan
_akan
082 _aO152,3M61,1, 35K1
100 _aKhatri Devkinandan Au.
_9228624
245 0 _aChandrakanta
260 _c1951
300 _a212p.
_ccm.
650 _a HINDI LITERATURE
_923866
650 _aHINDI FICTION
942 _hO152,3M61,1, 35K1
_cTEXL
_2CC
999 _c473297
_d473297